St. Francis of Assisi: (Record no. 13674)

000 -LEADER
fixed length control field 00809nam a2200181 a 4500
001 - CONTROL NUMBER
control field :::00011497$&:&@@
003 - CONTROL NUMBER IDENTIFIER
control field OkBaRHE
005 - DATE AND TIME OF LATEST TRANSACTION
control field 20000607103409.0
008 - FIXED-LENGTH DATA ELEMENTS--GENERAL INFORMATION
fixed length control field s1963 j 000 0 eng u
040 ## - CATALOGING SOURCE
Transcribing agency
100 1# - MAIN ENTRY--PERSONAL NAME
Personal name Francesco d'Assisi, 1182-1226.
245 10 - TITLE STATEMENT
Title St. Francis of Assisi:
Remainder of title first and second life of St. Francis, with selections from Treatise on the miracles of Blessed Francis.
Statement of responsibility, etc By Thomas of Celano. Translated from the Latin with introduction and footnotes by Placid Hermann.
260 ## - PUBLICATION, DISTRIBUTION, ETC. (IMPRINT)
Place of publication, distribution, etc Chicago, IL., :
Name of publisher, distributor, etc Franciscan Herald Press
Date of publication, distribution, etc 1963
300 ## - PHYSICAL DESCRIPTION
Extent xxx, 245 p. : illus., ports., map, facsims. ;
Dimensions 29 cm.
700 ## - ADDED ENTRY--PERSONAL NAME
Personal name Hermann, Placid, Ed. and tr.
942 ## - ADDED ENTRY ELEMENTS (KOHA)
Source of classification or shelving scheme
Koha item type Books
Copies
Shelving location Full call number Source of classification or shelving scheme Barcode Date acquired Withdrawn status Date checked out Not for loan Koha item type Price effective from Total Checkouts Copy number Lost status Date last seen Damaged status Current Location Permanent Location
General StacksBX 4700 .F68E49 114972010-04-14 2012-02-29 Books2010-04-1411 2012-03-02 RHEMA Bible Training CollegeRHEMA Bible Training College